Les personnages de Fire Force - Statistiques

Statistiques générales
  • Ce quiz a été pris 212 fois
  • Le résultat moyen est 5 sur 10
Statistiques - réponses
Indice Réponse % Correct
Pouvoirs de 3ème génération Shinra Kusakabe
78%
Aucun pouvoir Akitaru Ôbi
67%
Pouvoirs de 3ème génération Arthur Boyle
62%
Aucun pouvoir Soeur Iris
59%
Aucun pouvoir Vulcan
47%
Pouvoirs de 2ème génération Maki Oze
46%
Aucun pouvoir Victor Licht
37%
Pouvoirs de 2ème génération Takehisa Hinawa
36%
Pouvoirs de 3ème génération Tamaki Kotatsu
26%
Pouvoirs de 3ème génération Lisa
17%
Aucun quiz correspondant
Distribution des résultats
% des personnes avec chaque résultat
Percentile par nombre de réponses
Votre historique - résultats
Vous n’avez pas pris ce quiz